Sister Nivedita and the ideas of revolution/ (Record no. 143183)

MARC details
000 -LEADER
fixed length control field 00564nam a22001817a 4500
005 - DATE AND TIME OF LATEST TRANSACTION
control field 20170818164259.0
010 ## - LCCN (DPL NO)
LC control number ENG-119655
020 ## - INTERNATIONAL STANDARD BOOK NUMBER
International Standard Book Number 9789380755120
Terms of availability 395.00
035 ## - SYSTEM CONTROL NUMBER
System control number EN-103187
037 ## - SOURCE OF ACQUISITION
Source of stock number/acquisition DBAD/PUB
082 ## - DEWEY DECIMAL CLASSIFICATION NUMBER
Classification number 954.520841
100 ## - MAIN ENTRY--PERSONAL NAME
Personal name Raychaudhury, Girijashankar
245 ## - TITLE STATEMENT
Title Sister Nivedita and the ideas of revolution/
Statement of responsibility, etc by Girijashankar Raychaudhury
260 ## - PUBLICATION, DISTRIBUTION, ETC. (IMPRINT)
Place of publication, distribution, etc Kolkata
Name of publisher, distributor, etc Aruna Prakashan
Date of publication, distribution, etc 2011
270 ## - ADDRESS
Address 2, Kalidas Singha Lane,
City Kolkata
Postal code 700009
300 ## - PHYSICAL DESCRIPTION
Extent 241p.
Dimensions 22cm(Hb)
942 ## - ADDED ENTRY ELEMENTS (KOHA)
Source of classification or shelving scheme Dewey Decimal Classification
Item type English Books
Classification part 954.520841
Call number suffix RAY
Holdings
Withdrawn status Lost status Not for loan Collection code Home library Current library Date acquired Source of acquisition Cost, normal purchase price Full call number Barcode Copy number Cost, replacement price Koha item type
    Not For Loan Non-fiction D.B.Act.Division Bawana 09/08/2017 DBAD/PUB 395.00 954.520841 RAY EN-103187 1 395.00 English Books

© Delhi Public Library
Hit Counter
free hit counter